00445nam a2200145Ia 4500008004100000020001800041082001400059100002900073245002400102260001000126500001300136942000700149952012800156999001500284260604s9999 xx 000 0 und d a9781648337239 a650.1 HIL aPage Publications935373 0aThink and Grow Rich bSHREE aBusiness cBK 00104070aIIMVbIIMVcGENERALd2026-06-04g350.00l0o650.1 HILp003786r2026-06-04 10:19:13v350.00w2026-06-04yBKBHIL c8168d8168